Madonna della...? - Statistics

Statistiche generali
  • Questo quiz è stato fatto 64 volte
  • Il punteggio medio è 3 su 18
Answers on the Grid
Answers color-coded by a green-red scale on the quiz's grid according to % correct below.
Madonna del cencio
Madonna martello
Madonna Colonna
Madonna dagli occhi grossi
Madonna dal collo lungo
Madonna dalle gambe lunghe
Madonna maremma
Madonna del cardellino
Madonna del coniglio
Madonna della quaglia
Madonna del fascio
Madonna della seggiola
Madonna del latte
Madonna del Napoli
Madonna cieca
Madonna del solletico
Madonna del raffreddore
Madonna della tosse
Madonna del sudicio
Madonna del sudore
Madonna della scodella
Madonna del tavolino
Madonna dell'incendio sedato
Madonna campana
Madonna della neve
Madonna della pappa
Madonna della minestra
Madonna della pera
 
Statistiche sulle risposte
Risposta % Corretto
Madonna della neve
38%
Madonna dal collo lungo
31%
Madonna del cardellino
31%
Madonna del fascio
31%
Madonna martello
27%
Madonna Colonna
20%
Madonna del latte
20%
Madonna dagli occhi grossi
18%
Madonna del coniglio
18%
Madonna della seggiola
16%
Madonna della pera
13%
Madonna della quaglia
13%
Madonna della pappa
9%
Madonna del solletico
9%
Madonna del sudore
9%
Madonna della scodella
7%
Madonna dell'incendio sedato
7%
Madonna della tosse
4%
Nessun quiz corrispondente trovato
Distribuzione punteggi
Percentuale di utenti per punteggio
Percentile per numero di risposta
I tuoi punteggi nel tempo
Non hai fatto questo quiz